| LEADER | 00415cam a2200145 7i4500 | ||
|---|---|---|---|
| 001 | 0000016197 | ||
| 005 | 20050912090000.0 | ||
| 020 | 0 | 0 | |a 957-01-8219-9 |
| 090 | 0 | 0 | |a TAIW 951.249050520 |b TAI |
| 245 | 0 | 0 | |a Taiwan yearbook 2004. |
| 260 | 0 | 0 | |a Taipei: |b The Goverment Information Office, |c 2004. |
| 300 | # | # | |a 298 p. |
| 650 | 0 | 0 | |a Taiwan -- |x Yearbooks |
| 651 | 0 | 0 | |a Taiwan |
| 999 | |a 0000017564 |b Book |c Countries |e Business Information Centre | ||


